Loading...
Aristotle's Poetics And The Modern Relevance
| Main Author: | |
|---|---|
| Format: | Printed Book |
| Published: |
New Delhi;
Harman Publishing House;
1988
|
| Edition: | Ist |
| Subjects: |
| LEADER | 00544nam a22001577a 4500 | ||
|---|---|---|---|
| 020 | |a 81-85151-08-0 | ||
| 082 | |a 824 |b PAU/A | ||
| 100 | |a Paul S L |9 317970 | ||
| 245 | |a Aristotle's Poetics And The Modern Relevance | ||
| 250 | |a Ist | ||
| 260 | |a New Delhi; |b Harman Publishing House; |c 1988 | ||
| 300 | |a 148p. | ||
| 650 | |a Poetry Study; English Literature |9 317971 | ||
| 942 | |c BK | ||
| 999 | |c 77044 |d 77044 | ||
| 952 | |0 0 |1 0 |4 0 |6 824_000000000000000_PAU_A |7 0 |8 POES |9 90347 |a MAL |b MAL |d 2017-05-09 |e 38266 |g 100.00 |l 0 |o 824 PAU/A |p MAL038266 |r 2017-05-09 |t 1 |w 2017-05-09 |y BK | ||